000 00371nam a22001577a 4500
003 SGT
020 _a978-1-260-57009-0
082 _a617
_bS19B
100 _aBRUNICARDI, F. CHARLES
245 _aSCHWARTZ'S PRINCIPLES OF SURGERY
250 _a11TH
260 _aNEW YORK
_bMC GRAW HILL
_c2019
300 _a1165, 2295
650 _aGENERAL SURGERY
942 _2ddc
_cBK
999 _c19699
_d19699